00751nam a22001937a 4500999001900000005001700019010001500036020002600051035001400077037000900091082001400100245011800114260004500232270008100277300002100358700002800379942002800407952012200435 c186408d18640820220228103510.0 aENG-131531 a9789390627318c750.00 aEN-115063 bDBAD a305.40954 aRole Of Women Entrepreneurship in the Making of New India:bOpportunities and Challenges/cEdited by Manjari Nath aGujaratbKrishna Publication Housec2021 aNo. 303, Yash Kunj Apartment, Devbaug, Anantwadi, BhavnagarbGujarate364002 a202p.c21cm(pbk) aEdited by Nath, Manjari 2ddccENh305.40954mROL 001040708NFICaLbLd2022-02-28eDBAD/PUBg750.00l0o305.40954 ROLpEN-115063r2022-02-28 00:00:00t1v750.00yEN